| 000 | 01190nam a2200253Ia 4500 | ||
|---|---|---|---|
| 008 | 0000002010 sz ad 0000000000mul00 | ||
| 020 | _a9783775725934 | ||
| 090 | _aPUS00 B17b | ||
| 245 | 1 | 0 |
_aBasquiat _c/ curators Dieter Buchhart and Sam Keller |
| 300 |
_a186 p. _c/ 30 cm. |
||
| 500 | _aExposición realizada en Foundation Bayeler Riehen, Basilea, mayo 9 septiembre 5, 2010 \ Incluye cronología del artista \ Texto bilingue: inglés alemán | ||
| 501 | _aWho was thant masked mañ / Glenn O'Brien Basquiat and the New York scene 197882 JeanMichel Basquiat: a revutionary caught between everyday life, knowledge and my th I have to have some source material around me What becomes a legend most? | ||
| 600 | 0 | 0 |
_aBASQUIAT, JEAN MICHEL, 1960198/ _xTRABAJOS PICTORICOS |
| 650 | 1 | 4 | _aARTE CONTEMPORANEO ESTADOUNIDENSE |
| 650 | 1 | 4 | _aARTISTAS PLASTICOS ESTADOUNIDENSES |
| 650 | 1 | 4 | _xCATALOGOS |
| 650 | 1 | 4 | _aCOLLAGE |
| 650 | 1 | 4 | _xEXPOSICIONES |
| 650 | 1 | 4 | _aPINTORES ESTADOUNIDENSES |
| 650 | 1 | 4 | _aPINTURA ACRILICA (ARTE) |
| 650 | 1 | 4 | _aPINTURA ESTADOUNIDENSE |
| 700 | 1 | _aBuchhart, Dieter \ Keller, Sam | |
| 999 |
_c13593 _d13593 |
||
| 260 |
_aRiehen/Basel : Galerie Beyeler _c2010 |
||